000 00682nam a2200241 i 4500
001 C2-0293129
003 PPAK
005 20180728025051.0
008 090119s1998 waua|||| ||||| | eng d
020 _a1570611505
040 _aPPAK
_beng
_cPPAK
_erda
082 0 4 _a779.36795
_223
090 0 0 _a779.36795
_bPET
_dRLCK
100 1 _aPeterson, Brenda,
_eauthor
245 1 0 _aPacific northwest
264 1 _aWashington :
_bSasquatch Books ,
_c1998
300 _a159 pages :
_bcolour illustrations ;
_c24 cm
336 _2rdacontent
_atext
337 _2rdamedia
_aunmediated
338 _2rdacarrier
_avolume
650 1 0 _aNorthwest, Pacific - Pictorial works
942 _ddc
_cB
999 _c97921
_d97921